| 000 | 00581cam a2200229ua 4500 | ||
|---|---|---|---|
| 020 |
_a0 87692 395 3 _c375.00 |
||
| 041 |
_aeng _h |
||
| 082 |
_a621.815 _bSPO/DE |
||
| 100 | _aSpotts, M F . | ||
| 245 |
_aDesign of machine elements / _cM F Spott. _hTextual Documents |
||
| 250 |
_a6 / _b. |
||
| 260 |
_aNew Delhi : _bPrentice Hall of India Pvt Ltd. , _c1991. |
||
| 300 | _a730 ; . | ||
| 365 | _a375.00 | ||
| 504 | _a | ||
| 700 | 1 | _aShoup, T.E . | |
| 942 | _cBK | ||
| 999 |
_c9200 _d9200 |
||